LEADER 01149nam a2200229 u 4500 001 000000025092 003 CaOOAMICUS 005 20070226111426.0 008 950731s1991 vc u000 u fre u 035 $a10639765 040 $aBAV$bita$dPUL(R) 245 03$aLe droit au developpement :$btextes Conciliaires et Pontificaux (1960-1990) /$cConseil pontifical "Justice et Paix" ; rassemblé et présenté par le Dr. Giorgio Filibeck. 260 $aCité du Vatican :$b[Typographie polyglotte vaticane],$c1991. 300 $a117 p. ;$c21 cm 650 4$aProgresso.$0(OLS)http://pul/subject/712 700 1 $aFilibeck, Giorgio.$0(OLS)http://pul/name/12520 710 2 $aPontificia Commissio Iustitia et Pax.$0(OLS)http://pul/name/8415 850 $aPUL 852 $aPUL$W1$xDP1 Altre Collocazioni$y17$mSenza collocazione$j12$nBK-PRI$b $qStampati$B35092$CPULBib$Z2$F35092 $H $81 941 1 $a8 996 $6245$aLe droit au developpement :$btextes Conciliaires et Pontificaux (1960-1990)$9(OLS)http://pul/title/34609 996 $6260$aCité du Vatican :$b[Typographie polyglotte vaticane]$9(OLS)http://pul/publisher/58732 LEADER 01567nam a2200349 a 4500 001 000000117392 003 CaOOAMICUS 005 20091014145356.0 008 091014s2009 it u000 u ita r 020 $a978-88-211-8456-7 040 $aPUL$bita$dReb 041 1 $aita$hheb 100 0 $aRashi,$d1040-1105.$0(OLS)http://pul/name/2325 245 10$aCommento all'Esodo /$cRashi di Troyes ; a cura di J. Sierra. 260 $aGenova ;$aMilano :$bMarietti,$c2009. 300 $axxxii, 368 p. ;$c21 cm. 490 1 $a"Ascolta, Israele!" : commenti alle Scritture delle tradizioni ebraica e cristiana ;$v5 504 $aBibliografia in nota. 630 04$aBiblia.$pV.T.$pExodus$xCommenti.$0(OLS)http://pul/subject/635 650 4$aEsegesi biblica.$0(OLS)http://pul/subject/8707 700 1 $aSierra, Sergio J.$0(OLS)http://pul/name/22946 830 1$a"Ascolta, Israele!" : commenti alle Scritture delle tradizioni ebraica e cristiana ;$v5.$0(OLS)http://pul/title/13661 850 $aPUL 852 $aPUL$W1$xSL Religione 3$y85$m222. 12 RASHI 1$j134728$qDDC 21$B133698$CPULBib$Z2$F133698 $H111197 $82 900 $aSalomon Izhaqi,$d1040-1105$92325 900 $aSolomon Jarchi,$d1040-1105$92325 900 $aRabbi Shlomo Yitzhaqi,$d1040-1105$92325 900 $aRashi di Troyes,$d1040-1105$92325 941 1 $a9 996 $6020$a978-88-211-8456-7$9(OLS)http://pul/number/142052 996 $6245$aCommento all'Esodo$9(OLS)http://pul/title/117931 996 $6260$aGenova ;$aMilano :$bMarietti$9(OLS)http://pul/publisher/74601